| 000 | 00852cam a2200241 a 4500 | ||
|---|---|---|---|
| 001 | 579549 | ||
| 005 | 19910115161632.2 | ||
| 008 | 900111s1991 njua b 001 0 eng | ||
| 010 | _a90006738 | ||
| 020 | _a0135432995 | ||
| 040 |
_aDLC _cDLC _dDLC |
||
| 050 | 0 | 0 |
_aTJ170 _b.S54 1991 |
| 082 | 0 | 0 |
_a621.811 _220 _bSNE |
| 100 | 1 |
_aSneck, Henry J., _d1926- _97597 |
|
| 245 | 1 | 0 |
_aMachine Dynamics / _cHenry J. Sneck. |
| 260 |
_aEnglewood Cliffs, N.J. : _bPrentice Hall, _cc1991. |
||
| 300 |
_axii, 237 p. : _bill. ; _c25 cm. |
||
| 504 | _aIncludes bibliographical references and index. | ||
| 650 | 0 |
_aMachinery, Dynamics of. _97598 |
|
| 942 |
_2ddc _cBB |
||
| 999 |
_c12207 _d12207 |
||